Suosituimmat poikien etunimet 2024 - Statistics

Yleistilastot
  • Tätä visaa on pelattu 381 kertaa
  • Keskiarvotulos 22 / 50
Vastaustilastot
ak. NIMI % Oikein
L Leo
79%
O Oliver
76%
D Daniel
74%
O Onni
74%
E Eeli
69%
E Eemi
68%
E Elias
68%
L Leevi
63%
E Eino
62%
E Eemil
57%
E Eetu
57%
V Väinö
57%
M Mikael
52%
N Niilo
52%
V Vilho
51%
E Eelis
50%
L Luukas
49%
O Oiva
48%
A Aapo
47%
L Lucas
47%
L Lukas
47%
L Lenni
46%
L Luka
46%
M Matias
46%
V Viljami
45%
N Noel
44%
V Viljo
44%
E Emil
43%
T Toivo
43%
J Joel
42%
A Aatos
39%
N Nooa
39%
O Olavi
39%
S Samuel
37%
U Urho
37%
A Aaron
36%
H Hugo
36%
O Otso
35%
A Alvar
31%
M Milo
31%
J Jooa
30%
A Anton
28%
K Kasper
28%
E Eliel
27%
L Leon
27%
J Julius
24%
A Aarni
16%
M Mauno
13%
M Max
12%
E Edvin
10%
Ehtoja vastaavia visoja ei löytynyt
Tulosjakauma
Jokaisen tuloksen saaneiden osuus
Persentiili vastausten määrän mukaan
Tuloshistoriasi
Et ole pelannut tätä visaa